| 000 | 00790nam a2200229 i 4500 | ||
|---|---|---|---|
| 001 | 150119 | ||
| 003 | ES-MaACL | ||
| 005 | 20250804072417.0 | ||
| 007 | t| | ||
| 008 | 071026s1971 sp ||||1| spa d | ||
| 080 | _a821.134.2-31"19" | ||
| 080 | _a94(460)"1843/68"(0:82) | ||
| 100 | 1 |
_aValle-Inclán, Ramón del, _d1866-1936 _9112796 |
|
| 245 | 1 | 0 |
_aViva mi dueño _b: (El ruedo ibérico) / _cRamón del Valle-Inclán. |
| 260 |
_aMadrid : _bAlianza, _c[1971] |
||
| 300 |
_a375 p. ; _c18 cm. |
||
| 490 | 1 |
_aEl Libro de bolsillo. Sección: "Literatura" ; _v342 |
|
| 651 | 4 |
_aEspaña- _xHistoria- _y1843-1868, Isabel II- _vNovelas. _9166739 |
|
| 830 | 0 | 3 |
_aEl libro de bolsillo. _pLiteratura _v342 _9180913 |
| 852 |
_aES-MaACL _jC-45375 _bR.79289 |
||
| 999 |
_c150119 _d150119 |
||